|
|
|
|
| LEADER |
01026nam a2200277 4500 |
| 001 |
c000408864 |
| 003 |
CARM |
| 005 |
00000000000000.0 |
| 008 |
710126s1971 nyua 00110 eng |
| 019 |
1 |
|
|a 216910
|
| 020 |
|
|
|a 070078602
|
| 040 |
|
|
|a VDU
|c VDU
|
| 050 |
0 |
0 |
|a HF5686.C8
|b B679 1971
|
| 082 |
0 |
4 |
|a 657.4
|
| 100 |
1 |
|
|a Brock, Horace R.
|
| 245 |
0 |
|
|a Cost accounting; theory/practice
|c [by] Horace R. Brock, Charles E. Palmer [and] Fred C. Archer.
|
| 250 |
|
|
|a 2d ed.
|
| 260 |
0 |
|
|a New York,
|b McGraw-Hill
|c [c1971]
|
| 300 |
|
|
|a 341 p.
|b illus.
|c 25 cm.
|
| 490 |
0 |
|
|a McGraw-Hill college accounting series.
|
| 650 |
|
0 |
|a Cost accounting.
|
| 700 |
1 |
|
|a Palmer, Charles E.
|q (Charles Earl),
|d 1919-
|e joint author.
|
| 700 |
1 |
|
|a Archer, Fred C.
|q (Fred Coleman),
|d 1915-
|e joint author.
|
| 852 |
8 |
|
|b CARM
|h A3:AF30F0
|i C12724
|p 0566340
|f BK
|
| 999 |
f |
f |
|i b9464d41-124b-512e-a162-c0f73ebfe8a7
|s 73a1e883-7ecc-593b-8b6d-6f6121150737
|
| 952 |
f |
f |
|p Can circulate
|a CAVAL
|b CAVAL
|c CAVAL
|d CARM 1 Store
|e C12724
|f A3:AF30F0
|h Other scheme
|i book
|m 0566340
|